|
|
|
|
| LEADER |
00000nam a22000007a 4500 |
| 005 |
20210804223728.0 |
| 007 |
cr|||| |||| |
| 008 |
210804s2012 ca |||||s|||| 00||0 eng d |
| 020 |
|
|
|a 9781552213216
|
| 035 |
|
|
|a 34918
|
| 040 |
|
|
|a vLex
|
| 090 |
|
|
|c 11906
|d 11906
|
| 100 |
1 |
|
|a Azmi, Shaheen
|
| 245 |
1 |
0 |
|a Balancing Competing Human Rights Claims in a Diverse Society
|h [Recurso electrn̤ico] :
|b Institutions, Policy, Principles /
|c Shaheen Azmi, Lorne Foster, Lesley A. Jacobs
|
| 256 |
|
|
|a Servicio en ln̕ea
|
| 260 |
|
|
|a Toronto:
|b Irwin Law Inc.,
|c 2012
|
| 300 |
|
|
|a 1 recurso electrn̤ico
|
| 500 |
|
|
|a Published in Cooperation with the Ontario Human Rights Commission. As societies around the world embrace diversity, certain challenges and tensions have become visible that were not fully anticipated. In particular the practice of human rights has become increasingly complex in Canada and other diverse societies because more and more often the claim to a right of one individual or group directly affects the claim to the human rights of another group. The challenge of balancing these competing human rights claims is the focus of this book. Beginning in 2005, the Ontario Human Rights Commission (OHRC) began a process to develop the first policy in Canada to address competing human rights claims. This policy development included extensive consultation with the public, academics, human rights commissions elsewhere in the country, and stakeholders in the human rights community in Ontario. These efforts resulted in a policy for Ontario which was released in April 2012. Part One of this book presents this policy and a series of chapters that provide instructive background for the development of the policy. Part Two broadens the scope of the discussion by exploring broad principles at stake when human rights compete.
|
| 506 |
1 |
|
|a Disponible solo en los productos indicados
|d vLex Global
|d vLex Global (Academic Edition, excluding Law Schools)
|d vLex Global (U.S. Academic Edition, Law Schools)
|d vLex Global (U.S. Academic Edition, excluding Law Schools)
|d vLex Global (Academic Edition, Law Schools)
|
| 650 |
0 |
4 |
|a Derecho Constitucional
|z Canad̀
|
| 700 |
1 |
|
|a Foster, Lorne
|
| 700 |
1 |
|
|a Jacobs, Lesley A.
|
| 740 |
0 |
|
|a vLex Libros (Servicio en ln̕ea)
|
| 856 |
4 |
0 |
|u https://app.vlex.com/#/sources/34918
|z Acceso restringido
|
| 942 |
|
|
|c BOOK
|
| 999 |
0 |
|
|a Constitutional right
|